TOP 15 najlepszych piłkarzy Chelsea Londyn pod względem kanadyjki - Statystyki

Ogólne statystyki
  • Ten quiz został rozwiązany 88 razy
  • Średni wynik to 11 z 15
Statystyki odpowiedzi
Hint Odpowiedź % Poprawnych
3. Drogba (06/07) 44
99%
1. Drogba (09/10) 50
99%
15. Drogba (10/11) 30
99%
5. Lampard (04/05) 40
90%
10. Lampard (05/06) 32
90%
13. Lampard (07/08) 31
90%
6. Lampard (08/09) 40
90%
12. Hazard (14/15) 31
83%
14. Hazard (17/18) 30
83%
7. Hazard (18/19) 38
83%
4. Palmer ( 23/24) 40
71%
8. Hasselbaink (01/02) 37
35%
11. Mata (11/12) 32
34%
2. Mata (12/13) 50
34%
9. Hasselbaink (00/01) 36
26%
Nie znaleziono quizów pasujących do podanych kryteriów
Rozkład punktacji
Procent ludzi z każdym wynikiem
Percentyl według liczby udzielonych odpowiedzi
Twoja historia wyników
Nie rozwiązałeś tego quizu